00471nam a2200145 a 4500008004100000050002100041100001900062245005300081246005000134260006700184300002300251350000900274700001900283700002300302120416s1990 ||||||||||||||||| || u aHF 5549.5J63 Per aMcLean, Gary N10aPerformance appraisalcedited by Garry N. McLean aperspectives on a quality management approach aAlexandria, VAbAmerican Society for Training and Develoc1990 a(iv), 218p. : ill. a0.00 aDamme, Susan R aSwanson, Richard A